000
00337nam a2200145Ia 4500
008
191201s2010 xx 000 0 und d
082
_a
658
_b
AGP
100
_a
AGARWAL, PK
245
0
_a
Principles and Practice of Management
250
_a
Rev
260
_a
N. Delhi
_b
Excel Books
_c
2010
300
_a
450
650
_a
BBA
942
_2
ddc
_c
BK
999
_c
48
_d
48